| 000 | 00919nam a2200289 i 4500 | ||
|---|---|---|---|
| 003 | EG-GICUC | ||
| 005 | 20260428192335.0 | ||
| 008 | 260428s1912 enk||||f |||| 000 0 eng d | ||
| 040 |
_aEG-GiCUC _beng _cEG-GiCUC _dEG-GiCUC _erda |
||
| 041 | 0 | _aeng | |
| 082 | 0 | 4 |
_221 _a343.767 _bQU . M |
| 092 | 0 | 4 | _221 |
| 099 | _aLaw1 10 343.767 QU . M 1912 1011553 C1 | ||
| 100 | 1 |
_aQuinton, R. F. _eAuthor. |
|
| 245 | 1 | 4 |
_aThe Modern Prison Curriculum : _b A General Review Of Our Penal System / _cBy GR. F. Quinton. |
| 264 | 1 |
_aLondon ; _bMacMillan And Co., Limited, _c1912. |
|
| 300 |
_a276 pages ; _c24 cm. |
||
| 336 |
_2rda content _atext |
||
| 337 |
_2rda media _aComputer |
||
| 338 |
_2rda carrier _aOnline Resource |
||
| 650 | 1 | 4 | _aCriminal law |
| 650 | 1 | 4 |
_aPrisons _xPunitive treatment |
| 651 | 1 | _2qrmak | |
| 856 | 4 | 0 | _uhttps://fll.law.cu.edu.eg/fulltext/bks/B10-11553.pdf |
| 905 | _a164 | ||
| 942 |
_2ddc _cBK _e21 _n0 |
||
| 999 |
_c73967 _d73967 |
||